000 01093nas a2200349 4500
001 BR2016000825
003 BR-BrBNA
005 20231205130127.0
007 ta
008 230509b bl.|||p| |||| 00| 00por d
040 _aBR-BrBNA
_bpor
_cBiblioteca Nacional de Agricultura
041 _a(En)
072 _aQ04
100 1 _aAraújo, K.S. da
100 1 _aSantos Júnior, J.F. dos
100 1 _aSato, M.O.
100 1 _aFinco, F.D.B.A.
100 1 _aSoares, I.M.
100 1 _aBarbosa, R. dos S.
100 1 _aAlvim, T. da C.
100 1 _aAscêncio, S.D.
100 1 _aMariano, S.M.B.
245 1 _aPhysiocochemical properties and antioxidant capacity of propolis of stingless bees (Meliponinae)and Apis from two regions of Tocantins, Brazil
650 _aABELHA
650 _aPRÓPOLIS
650 _aPROPRIEDADE FÍSICO-QUÍMICA
650 _aANTIOXIDANTE
650 _aCOMPOSTO FENÓLICO
773 0 _tActa Amazônica (Brazil)
_xISSN 0044-5967
_g(Mar 2016), v. 46(1) p. 61-68
_wBR2016000825
909 _a202311
_bLúcia
_c55
_dLúcia Elande
942 _2AGRIS
_n0
_cANA
999 _c247958
_d247958